Blackboard Blitz: TV Networks Quiz Stats

 Plays Quiz Updated Aug 9, 2017

Support Sporcle.
Go Orange.
Score 0/12 Timer 01:00
0 Plays Today
% Correct
SBP
86.4%
KFC
83.5%
WOF
80.8%
TPBS
80.5%
CBO
80.3%
OUR
78.6%
Animal Farm
77.5%
CDC
73.4%
PBS adults
72.7%
VH1 dos
71.7%
n!
67.9%
VHS
52.2%

You're not logged in!

Compare scores with friends on all Sporcle quizzes.
OR
Log In
Forgot?

From the Vault

Famous Sidekicks

by Derek

No, not the cool phone from T-Mobile, these are the folks who often have to share the limelight with their more famous counterparts.
Remove Ads.
Support Sporcle.
Get the best of Sporcle when you Go Orange. This ad-free experience offers more features, more stats, and more fun while also helping to support Sporcle. Thank you for becoming a member.

Show Comments

Extras

Top Quizzes Today


Score Distribution

Your Account Isn't Verified!

In order to create a playlist on Sporcle, you need to verify the email address you used during registration. Go to your Sporcle Settings to finish the process.

Report this User

Report this user for behavior that violates our Community Guidelines.

Details: